Proceedings of the National seminar on new frontiers in nuclear, hadron and mesoscopic physics' (Record no. 44039)
[ view plain ]
| 000 -LEADER | |
|---|---|
| fixed length control field | 01237nam a22002657a 4500 |
| 005 - DATE AND TIME OF LATEST TRANSACTION | |
| control field | 20100906144528.0 |
| 008 - FIXED-LENGTH DATA ELEMENTS--GENERAL INFORMATION | |
| fixed length control field | 100906t xxu||||| |||| 00| 0 eng d |
| 010 ## - LCCN (DPL NO) | |
| LC control number | ENG-101432 |
| 020 ## - INTERNATIONAL STANDARD BOOK NUMBER | |
| International Standard Book Number | 9788184245905 |
| Terms of availability | 350.00 |
| 035 ## - SYSTEM CONTROL NUMBER | |
| System control number | EN-84965 |
| 037 ## - SOURCE OF ACQUISITION | |
| Source of stock number/acquisition | DBAD/PUB |
| 040 ## - CATALOGING SOURCE | |
| Original cataloging agency | dpl |
| Language of cataloging | Eng |
| 082 ## - DEWEY DECIMAL CLASSIFICATION NUMBER | |
| Classification number | 530 |
| 111 ## - MAIN ENTRY--MEETING NAME | |
| Meeting name or jurisdiction name as entry element | National seminar on new frontiers in nuclear, hadron and mesoscopic physics |
| Location of meeting | Vadodara,India |
| Date of meeting | 3rd December, 2009 |
| 9 (RLIN) | 18615 |
| 245 ## - TITLE STATEMENT | |
| Title | Proceedings of the National seminar on new frontiers in nuclear, hadron and mesoscopic physics' |
| Statement of responsibility, etc | edited by V.K.B. Kota [and] Arun Pratap; organized by Applied Physics Department, Faculty of Technology and Engineering, M.S. University of Baroda |
| 260 ## - PUBLICATION, DISTRIBUTION, ETC. (IMPRINT) | |
| Place of publication, distribution, etc | New Delhi |
| Name of publisher, distributor, etc | Allied Publishers |
| Date of publication, distribution, etc | 2010 |
| 270 ## - ADDRESS | |
| Address | I/13-14 Asaf Ali Road |
| City | New Delhi |
| Postal code | 110002 |
| 300 ## - PHYSICAL DESCRIPTION | |
| Extent | 90p. |
| Dimensions | 25cm (pbk) |
| 500 ## - GENERAL NOTE | |
| General note | Includes bibliographical references and index |
| 700 ## - ADDED ENTRY--PERSONAL NAME | |
| Personal name | Kota, V.K.B. |
| 9 (RLIN) | 18622 |
| 700 ## - ADDED ENTRY--PERSONAL NAME | |
| Personal name | Arun Pratap |
| 9 (RLIN) | 18623 |
| 710 ## - ADDED ENTRY--CORPORATE NAME | |
| Corporate name or jurisdiction name as entry element | Applied Physics Department, Faculty of Technology and Engineering |
| 9 (RLIN) | 18616 |
| 942 ## - ADDED ENTRY ELEMENTS (KOHA) | |
| Source of classification or shelving scheme | Dewey Decimal Classification |
| Item type | English Books |
| Call number suffix | NAT |
| Classification part | 530 |
| Withdrawn status | Lost status | Source of classification or shelving scheme | Damaged status | Not for loan | Collection code | Home library | Current library | Date acquired | Source of acquisition | Cost, normal purchase price | Total Checkouts | Full call number | Barcode | Date last seen | Copy number | Cost, replacement price | Koha item type |
|---|---|---|---|---|---|---|---|---|---|---|---|---|---|---|---|---|---|
| Dewey Decimal Classification | Not For Loan | Non-fiction | D.B.Act.Division | D.B.Act.Division | 06/09/2010 | DBAD/PUB | 350.00 | 530 NAT | EN-84965 | 06/09/2010 | 1 | 350.00 | English Books |
